| 000 | 00658cam a22002173a 4500 | ||
|---|---|---|---|
| 001 | 38236 | ||
| 003 | PGUSA | ||
| 005 | 20140828083837.0 | ||
| 008 | 111206s2011||||xxu|||||s|||||000 | eng d | ||
| 040 |
_aPGUSA _beng |
||
| 042 | _adc | ||
| 100 | 1 |
_aStables, Gordon, _d1840-1910 |
|
| 245 | 1 | 0 |
_aShireen and her Friends : _bPages from the Life of a Persian Cat _h[electronic resource] / _cGordon Stables |
| 260 |
_bProject Gutenberg, _c2011 |
||
| 506 | _aPublic domain in the USA. | ||
| 516 | _aElectronic text | ||
| 700 | 1 |
_aWeir, Harrison, _d1824-1906 |
|
| 830 | 0 |
_aProject Gutenberg _v38236 |
|
| 856 | 4 | 0 | _uhttp://www.gutenberg.org/ebooks/38236 |
| 942 | _cEB | ||
| 999 |
_c267490 _d267490 |
||